00881nam a2200265 i 450000500170000000800410001702000390005804000250009708200170012209000210013910000360016024500920019626400680028826400110035630000400036733600210040733700250042833800230045365000320047665000180050865000300052671000290055694200110058599900190059620260420170326.0260420t20252025my a dr 000 f may d a9786297687575cRM12.00qpaperback  aPPAKbengcPPAKerda04223a899.233300a899.2333bAINdG0 aAin Maisarah,eauthor,eeditor.10aPenentang Penjajah /cThe Typewriter ; Ketua Penulis Ain Maisarah ; Editor Ain Maisarah 1aBandar Baru Nilai, Negeri Sembilan :bBLINK BOOK SDN BHD,c2025 4c©2025 a123 pages :billustrations ;c19 cm atext2rdacontent aunmediated2rdamedia avolume2rdacarrier10aYoung adult fiction, Malay 20aMalay fiction24aMalaysian fiction (Malay)2 aThe Typewriter,eauthor. 2ddccB c203943d203943